|
|
|
|
| LEADER |
00710cam a2200181 7i4500 |
| 001 |
0000005921 |
| 005 |
20100210090000.0 |
| 008 |
100210 eng |
| 020 |
|
|
|a 1858987687 (hbk.)
|
| 090 |
0 |
0 |
|a T177.J3
|b .H37 1996
|
| 100 |
1 |
|
|a Harryson, Sigvald
|
| 245 |
1 |
0 |
|a Japanese technology and innovation management :
|b from know-how to know-who
|c Sigvald Harryson.
|
| 260 |
|
|
|a Cheltenham:
|b Edward Elgar Publishing,
|c 1998.
|
| 300 |
|
|
|a xiv, 255 p.:
|b ill.;
|c 24 cm.
|
| 504 |
|
|
|a Includes bibliographical references and index
|
| 650 |
0 |
0 |
|a Research, Industrial --
|x Management --
|z Japan
|
| 650 |
0 |
0 |
|a Technology --
|x Management --
|z Japan
|
| 999 |
|
|
|a 0000003403
|b BOK
|c OPEN SHELF
|e 2nd Floor, Bestari Jaya
|